|
|
|
|
| LEADER |
00000nam a22000007a 4500 |
| 005 |
20180406225344.0 |
| 007 |
cr|||| |||| |
| 008 |
180406s2017 es |||||s|||| 00||0 spa d |
| 020 |
|
|
|a 978-84-7351-618-1
|
| 035 |
|
|
|a 21332
|
| 040 |
|
|
|a vLex
|
| 090 |
|
|
|c 7682
|d 7682
|
| 100 |
1 |
|
|a Canel, Mara̕ Još
|
| 245 |
1 |
2 |
|a La comunicacin̤ de la Administracin̤ Pb︢lica
|h [Recurso electrn̤ico] :
|b conceptos y casos prc̀ticos de bienes intangibles /
|c Mara̕ Jos ̌Canel, Paloma Piqueiras, Gabriela Ortega
|
| 256 |
|
|
|a Servicio en ln̕ea
|
| 260 |
|
|
|a Madrid:
|b Instituto Nacional de Administracin̤ Pb︢lica (INAP),
|c 2017
|
| 300 |
|
|
|a 1 recurso electrn̤ico
|
| 500 |
|
|
|a La riqueza de los pas̕es la produce, en ms̀ de un 60 %, capital que es intangible. As ̕lo afirm ̤el Banco Mundial en 2006 y 2011, en unos estudios con los que pretenda̕ explorar qu ̌es lo que genera riqueza en las naciones. Pero poco se sabe sobre este capital incorpr̤eo, dn̤de est,̀ qu ̌lo causa y cm̤o se mide. Esta monografa̕ explora el valor de la intangibilidad en el sector pb︢lico. ¿Puede hacer algo la Administracin̤ Pb︢lica para que los ciudadanos se sientan ms̀ seguros, un pas̕ est ̌ms̀ cohesionado, o para que haya una cultura de mayor participacin̤ cv̕ica? El trabajo fundamenta y propone definiciones de bienes intangibles como Legitimidad, Compromiso (Engagement), Responsabilidad Social Institucional, Marca y Transparencia. Adems̀ evala︢ casos de Europa, Amřica, Australia y Asia, identificando buenas prc̀ticas que puedan servir de referencia para los gestores pb︢licos. Orientar la comunicacin̤ de la Administracin̤ Pb︢lica a los bienes intangibles transformar ̀los esquemas de trabajo, y por eso, adems̀ de proponer recomendaciones para mejorar la comunicacin̤ de la Administracin̤ Pb︢lica, el libro determina las habilidades que ha de tener el nuevo directivo para gestionar el capital intangible que es hoy motor de futuro desarrollo.
|
| 506 |
1 |
|
|a Disponible solo en los productos indicados
|d vLex Global
|d vLex Global (Academic Edition, excluding Law Schools)
|d vLex Global (U.S. Academic Edition, Law Schools)
|d vLex Global (U.S. Academic Edition, excluding Law Schools)
|d vLex Global (Academic Edition, Law Schools)
|
| 650 |
0 |
4 |
|a Derecho Pb︢lico y Administrativo
|z Espaą
|
| 700 |
1 |
|
|a Piqueiras, Paloma
|
| 700 |
1 |
|
|a Ortega, Gabriela
|
| 740 |
0 |
|
|a vLex Libros (Servicio en ln̕ea)
|
| 856 |
4 |
0 |
|u http://vlex.com/source/comunicacion-de-la-administracion-publica-conceptos-y-casos-practicos-de-bienes-intangibles-21332
|z Acceso restringido
|
| 942 |
|
|
|c BOOK
|
| 999 |
0 |
|
|a Public and Administrative Law
|